Traite des essais par, la voie seche (Registro nro. 31301)

Detalles MARC
001 - NÚMERO DE CONTROL
campo de control 80808
005 - FECHA Y HORA DE LA ÚLTIMA TRANSACCIÓN
campo de control 20260504072030.0
008 - DATOS DE LONGITUD FIJA--INFORMACIÓN GENERAL
campo de control de longitud fija 960313s1834 fre
035 ## - NÚMERO DE CONTROL DEL SISTEMA
Número de control de sistema 80808
035 ## - NÚMERO DE CONTROL DEL SISTEMA
Número de control de sistema (OCoLC)778217164
040 ## - FUENTE DE LA CATALOGACIÓN
Centro/agencia transcriptor comduadb
041 ## - CÓDIGO DE LENGUA
Código de lengua del texto/banda sonora o título independiente fre
082 #4 - NÚMERO DE LA CLASIFICACIÓN DECIMAL DEWEY
Número de clasificación 549
100 10 - ENTRADA PRINCIPAL--NOMBRE DE PERSONA
Nombre de persona Berthier, Pierre
Código de función aut
Término indicativo de función/relación Autor/a
9 (RLIN) 255945
245 10 - MENCIÓN DE TÍTULO
Título Traite des essais par, la voie seche
260 ## - PUBLICACIÓN, DISTRIBUCIÓN, ETC.
Lugar de publicación, distribución, etc. Francia :
Nombre del editor, distribuidor, etc. Thomine Libraire,
Fecha de publicación, distribución, etc. 1834.
300 ## - DESCRIPCIÓN FÍSICA
Extensión 2V. : IL.
650 #7 - PUNTO DE ACCESO ADICIONAL DE MATERIA--TÉRMINO DE MATERIA
Término de materia o nombre geográfico como elemento de entrada Ensayos
Fuente del encabezamiento o término embne
9 (RLIN) 3199
650 ## - PUNTO DE ACCESO ADICIONAL DE MATERIA--TÉRMINO DE MATERIA
Término de materia o nombre geográfico como elemento de entrada Combustibles
9 (RLIN) 35012
650 ## - PUNTO DE ACCESO ADICIONAL DE MATERIA--TÉRMINO DE MATERIA
Término de materia o nombre geográfico como elemento de entrada Metales
9 (RLIN) 4793
787 08 - ENTRA/ENLACE A OTRAS RELACIONES
Información de relación/Frase instructiva de referencia Título/alternativo
Título Des propietes de la composition et de l'essai des substances metalliques et des combustibles
Número de control del registro 80809
942 ## - ELEMENTOS DE ENTRADA AGREGADA (KOHA)
Tipo de ítem Koha Libros
Existencias
Estado de retiro Estado de pérdida Estado dañado No para préstamo Código de colección Localización permanente Ubicación/localización actual Fecha de adquisición Número de inventario Total de préstamos Signatura topográfica completa Código de barras Fecha visto por última vez Número de copia Precio válido a partir de Tipo de ítem Koha Fuente del sistema de clasificación o colocación Restricciones de uso
        Colección Patrimonio Documental. Piso 4 Biblioteca Carlos Gaviria Díaz, Campus Medellín Biblioteca Carlos Gaviria Díaz, Campus Medellín 27/10/1999 C128009   549.131 B541t v1 6-10000003339006 20/04/2023 1 20/04/2023 Libros - Reserva    
        Colección Patrimonio Documental. Piso 4 Biblioteca Carlos Gaviria Díaz, Campus Medellín Biblioteca Carlos Gaviria Díaz, Campus Medellín 20/05/1998 C128010   549.131 B541t v2 61000004993477 20/04/2023 2 20/04/2023 Libros - Reserva Clasificación Decimal Dewey Acceso restringido